University Home | Library Home | Institutional Repository

Class struggle in Africa. (Record no. 171641)

MARC details
000 -LEADER
fixed length control field 00588cam5a220021700 4500
001 - CONTROL NUMBER
control field zam00002763
008 - FIXED-LENGTH DATA ELEMENTS--GENERAL INFORMATION
fixed length control field 951128s1970 xx eng u
035 ## - SYSTEM CONTROL NUMBER
System control number (Sirsi) r20106
035 ## - SYSTEM CONTROL NUMBER
System control number (MACHINE)SLC.
100 ## - MAIN ENTRY--PERSONAL NAME
Personal name Nkrumah, K.
Linkage A80768.1
245 10 - TITLE STATEMENT
Title Class struggle in Africa.
260 ## - PUBLICATION, DISTRIBUTION, ETC.
Date of publication, distribution, etc. 1970.
591 ## -
-- Class code: S 110.
591 ## -
-- Course: Introduction to sociology.
591 ## -
-- School: S05.
591 ## -
-- Lecturer: Ms NTALASHA, H.
591 ## -
-- Number of Students: 59.
949 ## - LOCAL PROCESSING INFORMATION (OCLC)
a HN780.Z9S65
w lcc
m MAIN
t BOOK
l ON-SHELF
909 ## -
-- Book

No items available.

© 2026 - The University of Zambia Library - Koha v25.11